Penulis novel cilik

Bibliographic Details
Main Author: Suriani Zulkifli
Format: Book
Published: Selangor : Penerbitan zamzam , 2016
Series:Siri tip dan motivasi murid
Subjects:

MARC

LEADER 00000cam a2200000 7i4500
001 0000070708
005 20220105104324.0
008 170222
020 |a 9789670635385 
090 0 0 |a JP   |b MAL 
100 0 |a Suriani Zulkifli 
245 0 0 |a Penulis novel cilik   |c Suriani Zulkifli 
260 |a Selangor :   |b Penerbitan zamzam ,   |c 2016 
490 1 |a Siri tip dan motivasi murid 
500 |a Children age 4-6 years old (yellow) 
650 0 |a Junior fiction   |x Malay fiction 
999 |a 0001422365   |b Book   |c Children Collection   |e Cawangan Batu Pahat 
999 |a 0001422366   |b Book   |c Children Collection   |e Cawangan Taman Universiti 
999 |a 0001422367   |b Book   |c Children Collection   |e Cawangan Sri Merlong 
999 |a 0001422368   |b Book   |c Children Collection   |e Cawangan Muar 
999 |a 0001422369   |b Book   |c Children Collection   |e Cawangan Segamat 
999 |a 0001422370   |b Book   |c Children Collection   |e Cawangan Bukit Gambir 
999 |a 0001422371   |b Book   |c Children Collection   |e Cawangan Mersing 
999 |a 0001422372   |b Book   |c Children Collection   |e Cawangan Kota Tinggi 
999 |a 0001422373   |b Book   |c Children Collection   |e Cawangan Taman Sri Lambak 
999 |a 0001422374   |b Book   |c Children Collection   |e Cawangan Tmn. Ungku Tun Aminah 
999 |a 0001422375   |b Book   |c Children Collection   |e Cawangan Tangkak 
999 |a 0001422376   |b Book   |c Children Collection   |e Cawangan Pontian 
999 |a 0001422377   |b Book   |c Children Collection   |e Cawangan Bandar Penawar 
999 |a 0001422378   |b Book   |c Children Collection   |e Cawangan Bandar Tenggara 
999 |a 0001424967   |b Book   |c Children Collection   |e Perbadanan Perpustakaan Awam Johor 
999 |a 0001424970   |b Book   |c Children Collection   |e Perbadanan Perpustakaan Awam Johor